000 00617nam a2200205Ia 4500
003 GCL
008 140319s9999 xx 000 0 ara d
040 _aGCL /
_cGCL
082 0 4 _a414.1
_bم ف
100 1 _aمحمود احمد نخلة
245 1 0 _aفى البلاغة العربية علم المعانى /
_cمحمود احمد نخلة
260 _a[S.N] :
_bدار العلوم العربية ،
_c1990
300 _a192 ص
490 _a
650 0 4 _aاللغة العربية
650 0 4 _aالبلاغة العربية
650 0 4 _aالبلاغة
650 0 4 _aالمعانى
942 _2ddc
_cBK
999 _c27765
_d27765